| 000 | 00716nam a2200277Ia 4500 | ||
|---|---|---|---|
| 005 | 20260320195755.0 | ||
| 008 | 008 262003s9999 xx 000 0 hin d | ||
| 020 | _a9789388183420 | ||
| 037 | _aEBOOK | ||
| 040 | _aCRL | ||
| 040 | _bhin | ||
| 040 | _cCRL | ||
| 041 | _2hin | ||
| 041 | _ahin | ||
| 084 | _qCRL | ||
| 100 |
_aसआदत हसन मंटो _91133054 |
||
| 245 | 0 | _aमंटो : पन्द्रह कहानियाँ | |
| 250 | _a7 | ||
| 260 | _bRajkamal | ||
| 260 | _c2018 | ||
| 300 | _a189 | ||
| 856 | _uhttps://ebook.indiaread.in/pdfs/414_manto_collection_by_nandita_das_english_11_point.pdf | ||
| 942 | _cEBOOK | ||
| 999 |
_c1716425 _d1716425 |
||